000 00885nam a22002297i 4500
999 _c22709
_d22709
003 AR-CdUCM
008 231004b20152015pe aacafr|||| 00| p spa d
040 _aMUNICIPALIDAD PROVINCIAL DEL CUSCO
_cBIBLIOTECA MUNICIPAL DEL CUSCO
082 _a468.6 / Q78
_bQ78
100 _aQuispe Quispe, Hipólito
_948924
245 _aKiswarcha :
_bWillakuy-Harawi - Cuento- Poesía /
_cQuispe Quispe, Hipólito
300 _a140 páginas. :
_bilustraciones ;
_c20 cm.
500 _zBibliografía: página: 160
505 _aCuentos -- Fabulas -- Oraciones -- Poesías -- Poemas -- Refranes -- Chistes -- Insultos -- Sabidurías del pueblos -- Enfermedades del viento
650 _aCuentos
_949096
650 _aCábalas
_949260
650 _aAdivinanzas
_934933
650 _aTrabalenguas
_948926
650 _aInsultos en quechua
_948927
942 _2ddc
_cLIBROS
945 _apebm
_d2023-10-04